[Event "Indywidualne Mistrzostwa Polski Mlodzikow do lat 10 - Chlopcy"]
[Site "Szklarska Poreba"]
[Date "1899-12-30"]
[Round "3.4"]
[White "Oglaza, Dawid"]
[Black "Sowinski, Pawel"]
[Result "0-1"]
[WhiteTitle "II"]
[BlackTitle "I"]
[WhiteElo "1124"]
[BlackElo "1427"]

1. e4 c5 2. Nf3 e6 3. d4 cxd4 4. Nxd4 Nf6 5. Bd3 Nc6 6. Nxc6 bxc6 7. O-O Be7 8.
Be3 d5 9. e5 Nd7 10. f4 Bc5 11. Bxc5 Nxc5 12. b4 Nxd3 13. Qxd3 Qb6+ 14. Rf2 a5
15. bxa5 Rxa5 16. Nc3 Ba6 17. Qg3 O-O 18. h3 Ra8 19. Kh2 Ra3 20. Rb1 Qxb1 21.
Nxb1 Rxg3 22. Kxg3 Bc4 23. Rf3 Rxa2 24. Ra3 Kf8 25. Rxa2 Bxa2 26. Nc3 Bc4 27.
Kf2 Ke7 28. Ke3 Kd7 29. g3 c5 30. Kd2 Kc6 31. g4 Bf1 32. h4 Bh3 33. g5 g6 34.
Ke2 Bf5 35. Kd2 d4 36. Nd1 Kd5 37. c3 Ke4 38. cxd4 cxd4 39. Nf2+ Kxf4 40. Nd1
Kxe5 0-1

[Event "Indywidualne Mistrzostwa Polski Mlodzikow do lat 10 - Chlopcy"]
[Site "Szklarska Poreba"]
[Date "1899-12-30"]
[Round "3.5"]
[White "Liskiewicz, Jakub"]
[Black "Przybylski, Jan"]
[Result "1-0"]
[WhiteTitle "I"]
[BlackTitle "II"]
[WhiteElo "1260"]
[BlackElo "1140"]

1. d4 d5 2. c4 e6 3. Nc3 Nf6 4. Bg5 Be7 5. Nf3 Nbd7 6. e3 h6 7. Bh4 a6 8. cxd5
exd5 9. Bd3 c6 10. O-O O-O 11. a3 Ne4 12. Bxe7 Qxe7 13. Bxe4 dxe4 14. Nd2 Nf6
15. Qc2 Re8 16. b4 Bd7 17. Rfb1 Rac8 18. h3 Bf5 19. Nb3 Nd7 20. Nc5 Nxc5 21. bxc5
Rb8 22. Ne2 Qf6 23. Ng3 Bg6 24. Rb6 Qe7 25. Rab1 f5 26. Ne2 Kh8 27. Qb2 Qg5 28.
Nf4 Re7 29. Rxc6 bxc6 30. Qxb8+ Kh7 31. Qd6 Rf7 32. Qxg6+ Qxg6 33. Nxg6 Kxg6 34.
Rb6 Rc7 35. d5 Kf7 36. d6 Rd7 37. Rxc6 1-0

[Event "Indywidualne Mistrzostwa Polski Mlodzikow do lat 10 - Chlopcy"]
[Site "Szklarska Poreba"]
[Date "1899-12-30"]
[Round "3.7"]
[White "Mulawa, Cyprian"]
[Black "Cichon, Aleksander"]
[Result "1-0"]
[WhiteTitle "II"]
[BlackTitle "III"]
[WhiteElo "1449"]
[BlackElo "1085"]

1. e4 e5 2. Nf3 Nc6 3. Bb5 d6 4. d4 Bd7 5. Bxc6 Bxc6 6. Nc3 exd4 7. Nxd4 Nf6 8.
Nxc6 bxc6 9. b3 Be7 10. Bb2 O-O 11. Qf3 Nd7 12. O-O-O Bf6 13. h4 a5 14. Kb1 Qb8
15. g4 Ne5 16. Qe2 a4 17. g5 Be7 18. f4 Nd7 19. h5 a3 20. Ba1 f6 21. Qc4+ Kh8
22. Qxc6 Nc5 23. Qd5 Ra5 24. Qd2 Qa8 25. Nd5 Bd8 26. h6 Nxe4 27. hxg7+ Kxg7 28.
Qd4 Nf2 29. gxf6+ Kf7 30. Rxh7+ Kg6 31. Rg7+ Kh6 32. Qxf2 Rxd5 33. Rh1+ Rh5 34.
Rxh5+ Kxh5 35. Qh2# 1-0

[Event "Indywidualne Mistrzostwa Polski Mlodzikow do lat 10 - Chlopcy"]
[Site "Szklarska Poreba"]
[Date "1899-12-30"]
[Round "3.9"]
[White "Kubik, Bartosz"]
[Black "Komendecki, Antoni"]
[Result "0-1"]
[WhiteTitle "II"]
[BlackTitle "II"]
[WhiteElo "1148"]
[BlackElo "1271"]

1. e4 c5 2. Nf3 g6 3. d4 cxd4 4. Nxd4 Nf6 5. Nc3 Nc6 6. Be3 Bg7 7. f3 O-O 8. Qd2
a6 9. O-O-O d5 10. Kb1 Nxd4 11. e5 Nd7 12. Bxd4 Nxe5 13. Qe3 Nc6 14. Bxg7 Kxg7
15. Rxd5 Qc7 16. Be2 Be6 17. Rdd1 Rfd8 18. g3 Rac8 19. Rxd8 Nxd8 20. Rd1 b5 21.
Rd2 Qa5 22. a3 Nb7 23. Qd4+ Kg8 24. Qb4 Qxb4 25. axb4 Nd6 26. Nd5 Nf5 27. Bd3
Kf8 28. Bxf5 Bxf5 29. Nb6 Rc7 30. g4 Be6 31. Nd5 Rd7 0-1

[Event "Indywidualne Mistrzostwa Polski Mlodzikow do lat 10 - Chlopcy"]
[Site "Szklarska Poreba"]
[Date "1899-12-30"]
[Round "3.10"]
[White "Jasiulewicz, Dawid"]
[Black "Zabrzanski, Marcin"]
[Result "1-0"]
[WhiteTitle "II"]
[BlackTitle "II"]
[WhiteElo "1253"]
[BlackElo "1013"]

1. d4 d5 2. Nf3 Nf6 3. c4 e6 4. Nc3 Be7 5. Bg5 h6 6. Bh4 O-O 7. e3 b6 8. Bd3 Bb7
9. O-O Nbd7 10. Qe2 c5 11. cxd5 Nxd5 12. Bxe7 Qxe7 13. Rac1 N7f6 14. Rfd1 Rac8
15. a3 a5 16. Nb5 Rfd8 17. h3 Ba8 18. Ne5 Qb7 19. Qf3 Nc7 20. Qxb7 Bxb7 21. Na7
Ra8 22. Nac6 Bxc6 23. Nxc6 Rd7 24. dxc5 b5 25. Be2 Rxd1+ 26. Rxd1 Nfd5 27. Bf3
Kf8 28. Ne5 f6 29. Nd7+ Ke7 30. Nb6 Rd8 31. Nxd5+ Nxd5 32. Bxd5 Rxd5 33. Rxd5
exd5 34. Kf1 Kd7 35. b4 a4 36. Ke2 Ke6 37. Kd3 g5 38. Kd4 1-0

[Event "Indywidualne Mistrzostwa Polski Mlodzikow do lat 10 - Chlopcy"]
[Site "Szklarska Poreba"]
[Date "1899-12-30"]
[Round "3.11"]
[White "Uhryn, Lukasz"]
[Black "Dietrich, Pawel"]
[Result "1-0"]
[WhiteTitle "II"]
[BlackTitle "II"]
[WhiteElo "1042"]
[BlackElo "1150"]

1. e4 c5 2. Nf3 Nc6 3. d4 cxd4 4. Nxd4 g6 5. c4 Bg7 6. Be3 Nf6 7. Nc3 Ng4 8. Qxg4
Nxd4 9. Qd1 Nc6 10. Be2 O-O 11. O-O d6 12. Bg4 Bxg4 13. Qxg4 Ne5 14. Qe2 Qc7 15.
b3 Nf3+ 16. Qxf3 Bxc3 17. Rac1 Bg7 18. c5 f5 19. Rfd1 Qd7 20. cxd6 exd6 21. Bf4
fxe4 22. Qxe4 Rae8 23. Qc4+ d5 24. Rxd5 Qe6 25. Bg3 Rc8 26. Rc5 Qxc4 27. R5xc4
Rce8 28. h3 Re2 29. R4c2 Re6 30. Rc7 Bh6 31. R1c2 Rb6 32. Re2 Rf7 33. Re8+ Kg7
34. Be5+ Rbf6 35. Bxf6+ Kxf6 36. Rxf7+ Kxf7 37. Rb8 b6 38. Rb7+ Kg8 39. Rxa7 Bf8
40. Rb7 Bc5 41. b4 Bd4 42. a4 h5 43. a5 bxa5 44. bxa5 Kf8 45. a6 Ke8 46. a7 Bxa7
47. Rxa7 Kd8 48. g4 hxg4 49. hxg4 Kc8 50. f4 Kb8 51. Rh7 Kc8 52. f5 gxf5 53. g5
Kd8 54. g6 Ke8 55. Rf7 1-0

[Event "Indywidualne Mistrzostwa Polski Mlodzikow do lat 10 - Chlopcy"]
[Site "Szklarska Poreba"]
[Date "1899-12-30"]
[Round "3.12"]
[White "Uhryn, Mateusz"]
[Black "Kozak, Karol"]
[Result "1/2-1/2"]
[WhiteTitle "II"]
[BlackTitle "II"]
[WhiteElo "1410"]
[BlackElo "1133"]

1. c4 e5 2. Nc3 Bb4 3. g3 Bxc3 4. bxc3 Nf6 5. Ba3 Nc6 6. Bg2 d6 7. Nf3 O-O 8. O-O
Be6 9. d3 Re8 10. Rb1 Rb8 11. Qc2 d5 12. cxd5 Bxd5 13. c4 Nd4 14. Nxd4 Bxg2 15.
Kxg2 exd4 16. Rb3 Qd7 17. Rfb1 Ng4 18. h3 Qc6+ 19. Kg1 Nf6 20. Qb2 b6 21. Qxd4
Rxe2 22. R3b2 Rbe8 23. Bb4 Qf3 24. Rxe2 Rxe2 25. Re1 Rxe1+ 26. Bxe1 h6 27. Qe3
Qd1 28. Kg2 Qa4 29. Qe2 b5 30. cxb5 Qxb5 31. Bd2 Qd5+ 32. Qf3 Qxa2 33. Bc3 Qd5
34. Qxd5 Nxd5 35. Ba5 c6 36. Kf3 f5 37. g4 fxg4+ 38. Kxg4 Kf7 39. Kf5 g6+ 40.
Ke5 Ke7 41. f4 Ne3 42. Bb4+ Kf7 43. Bc5 Nc2 44. Bxa7 Ne1 45. d4 Nd3+ 46. Ke4 Nf2+
47. Kf3 Nxh3 48. Kg3 Ng1 49. Kf2 Nh3+ 50. Kg3 Ng1 51. Kf2 1/2-1/2

[Event "Indywidualne Mistrzostwa Polski Mlodzikow do lat 10 - Chlopcy"]
[Site "Szklarska Poreba"]
[Date "1899-12-30"]
[Round "3.13"]
[White "Jaszczuk, Piotr"]
[Black "Suska, Szymon"]
[Result "0-1"]
[WhiteTitle "II"]
[BlackTitle "II"]
[WhiteElo "1112"]
[BlackElo "1362"]

1. e4 c5 2. Nf3 e6 3. d4 cxd4 4. Nxd4 Nc6 5. Nb5 d6 6. c4 Nf6 7. N5c3 b6 8. Na3
Bb7 9. Be2 Be7 10. O-O O-O 11. Be3 Re8 12. f4 Rc8 13. Bf3 Na5 14. b3 d5 15. Nab1
dxc4 16. bxc4 Nxc4 17. Bf2 Qxd1 18. Rxd1 Red8 19. Rf1 Nd2 20. Nxd2 Rxc3 21. e5
Nd5 22. Ne4 Rcc8 23. Rac1 Nxf4 24. Nd6 Rxc1 25. Rxc1 Bxf3 26. Rc7 Bxd6 27. exd6
Be2 28. d7 Kf8 29. Bg3 Ke7 30. Bxf4 Rxd7 31. Kf2 Rxc7 32. Bxc7 Bc4 33. a3 Kd7
34. Bb8 a5 35. Be5 f6 36. Bd4 Kc6 37. Ke3 e5 38. Bb2 b5 39. Bc3 a4 40. Bb4 f5
41. Bc3 Kd5 42. g3 g5 43. h4 f4+ 44. Kf3 e4+ 45. Kf2 fxg3+ 46. Kxg3 gxh4+ 47.
Kxh4 e3 48. Kg3 Ke4 49. Kg2 h5 50. Bf6 Kd3 51. Bh4 Kd2 52. Bg5 Kd3 53. Bh4 e2
54. Be1 Kc2 55. Kf2 Kd1 56. Bb4 h4 57. Bc3 h3 58. Bb4 h2 59. Kg2 e1=Q 60. Bxe1
Kxe1 61. Kxh2 b4 62. axb4 a3 63. b5 Bxb5 64. Kg3 a2 65. Kf3 a1=Q 66. Ke4 Bd3+
67. Kd5 Qa4 68. Ke5 Qe4+ 69. Kd6 Qf5 70. Kc6 Qe5 71. Kb6 Qd5 72. Kc7 Qe6 73. Kb7
Qd6 74. Ka7 Qb4 75. Ka8 Be4+ 76. Ka7 Qb7# 0-1

[Event "Indywidualne Mistrzostwa Polski Mlodzikow do lat 10 - Chlopcy"]
[Site "Szklarska Poreba"]
[Date "1899-12-30"]
[Round "3.14"]
[White "Makuch, Tomasz"]
[Black "Kwapisz, Piotr"]
[Result "0-1"]
[WhiteTitle "II"]
[BlackTitle "II"]
[WhiteElo "1098"]
[BlackElo "1326"]

1. e4 c5 2. Nf3 e6 3. d4 cxd4 4. Nxd4 a6 5. Nc3 Qc7 6. Be3 Nf6 7. f3 Bb4 8. Qd2
d5 9. a3 Bxc3 10. Qxc3 Qxc3+ 11. bxc3 dxe4 12. f4 O-O 13. Be2 Bd7 14. O-O Nc6
15. Rad1 Nd5 16. Nxc6 Bxc6 17. Bd4 f5 18. c4 Nf6 19. h3 Rad8 20. Bc5 Rfe8 21.
Rxd8 Rxd8 22. Be7 Rd7 23. Bxf6 gxf6 24. Rd1 Rxd1+ 25. Bxd1 Ba4 26. Kf2 Kf7 27.
Ke3 e5 28. h4 Ke6 29. g4 fxg4 30. Kxe4 f5+ 31. Ke3 g3 32. fxe5 Kxe5 33. Bf3 f4+
34. Kd2 Bc6 35. Ke2 g2 36. Bxg2 Bxg2 37. c3 f3+ 38. Ke3 b6 39. c5 bxc5 40. c4
a5 41. h5 h6 42. a4 Kf5 0-1

[Event "Indywidualne Mistrzostwa Polski Mlodzikow do lat 10 - Chlopcy"]
[Site "Szklarska Poreba"]
[Date "1899-12-30"]
[Round "3.15"]
[White "Bochniak, Franciszek"]
[Black "Futyma, Dawid"]
[Result "1-0"]
[WhiteTitle "II"]
[BlackTitle "II"]
[WhiteElo "1263"]
[BlackElo "1044"]

1. d4 Nf6 2. c4 g6 3. Nc3 Bg7 4. e4 d6 5. f3 Nbd7 6. Be3 O-O 7. Qd2 Re8 8. Bd3
b6 9. Nge2 c5 10. d5 Ne5 11. Rb1 a5 12. Nb5 Nfd7 13. f4 Nxd3+ 14. Qxd3 Ba6 15.
Nec3 Nf6 16. h3 e5 17. f5 Bxb5 18. cxb5 Qd7 19. O-O Qc7 20. Bg5 gxf5 21. Rxf5
Nd7 22. Rbf1 f6 23. Bh4 Rf8 24. Qg3 Kh8 25. Rh5 Kg8 26. Qg4 Rf7 27. Qf5 Nf8 28.
Rf3 Ng6 29. Qg4 Re8 30. Qg3 a4 31. Nxa4 Nf4 32. Qg4 Nxh5 33. Qxh5 Ref8 34. Qg4
Qa7 35. b3 c4 36. Qe6 cxb3 37. axb3 Qe7 38. Nxb6 Qxe6 39. dxe6 Re7 40. Nd5 Rxe6
41. Rc3 f5 42. exf5 Ree8 43. b6 e4 44. f6 Bh6 45. Kf2 e3+ 46. Ke2 Re5 47. Ne7+
Kf7 48. Rc7 Ke6 49. b7 Rb5 50. Nc6 Kd5 51. f7 Rxb3 52. Nd8 Rb2+ 53. Kf3 Rb4 54.
g4 Rxd8 55. Bxd8 Rf4+ 56. Kxe3 Rxf7+ 57. g5 Bxg5+ 58. Bxg5 Rxc7 59. b8=Q Rc3+
60. Kd2 Rc5 1-0

[Event "Indywidualne Mistrzostwa Polski Mlodzikow do lat 10 - Chlopcy"]
[Site "Szklarska Poreba"]
[Date "1899-12-30"]
[Round "3.16"]
[White "Macura, Mateusz"]
[Black "Dobosiewicz, Dawid"]
[Result "1-0"]
[WhiteTitle "II"]
[BlackTitle "II"]
[WhiteElo "1095"]
[BlackElo "1263"]

1. e4 c5 2. Nc3 Nc6 3. g3 g6 4. Bg2 Bg7 5. d3 d6 6. f4 Nf6 7. Nf3 Bg4 8. h3 Bxf3
9. Bxf3 Nd7 10. Be3 Rb8 11. O-O Nd4 12. Bg2 b5 13. a3 a5 14. Rb1 b4 15. axb4 axb4
16. Ne2 Nxe2+ 17. Qxe2 Nb6 18. b3 Nc8 19. e5 O-O 20. g4 Na7 21. f5 Bxe5 22. Bxc5
Bh2+ 23. Kxh2 dxc5 24. fxg6 hxg6 25. Rbe1 e6 26. Qf2 Qc7+ 27. Kg1 Nb5 28. h4 Qe7
29. h5 Kg7 30. Qg3 Rb6 31. Rf2 Nd4 32. Ref1 Qg5 33. Qc7 Qe3 34. Qxb6 Ne2+ 35.
Kh1 Ng3+ 36. Kh2 gxh5 37. Qc7 Nxf1+ 38. Rxf1 hxg4 39. Be4 Rh8+ 40. Kg2 Qe2+ 41.
Rf2 Rh2+ 42. Qxh2 Qe3 43. Qg3 Qg5 44. Bf3 f5 45. Bxg4 fxg4 46. Qf4 Qd5+ 47. Kg1
Qa8 48. Qxg4+ Kh8 49. Rh2# 1-0

[Event "Indywidualne Mistrzostwa Polski Mlodzikow do lat 10 - Chlopcy"]
[Site "Szklarska Poreba"]
[Date "1899-12-30"]
[Round "3.17"]
[White "Jablonski, Dawid"]
[Black "Balis, Sebastian"]
[Result "1/2-1/2"]
[WhiteTitle "II"]
[BlackTitle "II"]
[WhiteElo "1087"]
[BlackElo "1253"]

1. d4 d5 2. c4 e6 3. cxd5 exd5 4. Nf3 Nf6 5. Bg5 Bb4+ 6. Nc3 O-O 7. e3 Bg4 8. Be2
h6 9. Bxf6 Qxf6 10. O-O c6 11. Ne5 Bxe2 12. Qxe2 Bd6 13. Nf3 Nd7 14. Rfe1 Nb6
15. e4 Bb4 16. a3 Bxc3 17. bxc3 Rfe8 18. Qc2 Qg6 19. Nd2 Re7 20. Re3 Rae8 21.
Rae1 Qd6 22. Qb3 Qg6 23. f3 f5 24. exf5 Rxe3 25. Rxe3 Qf7 26. Rxe8+ Qxe8 27. Kf2
Qh5 28. h3 Qxf5 29. Ne4 Kh8 30. Nc5 Qf7 31. Ne4 Qe7 32. Nc5 h5 33. a4 Qh4+ 34.
Kg1 Qe1+ 35. Kh2 Qf2 36. Nxb7 Nc4 37. Qd1 Qb2 38. Qe1 Kh7 39. Qe8 Qxb7 1/2-1/2

[Event "Indywidualne Mistrzostwa Polski Mlodzikow do lat 10 - Chlopcy"]
[Site "Szklarska Poreba"]
[Date "1899-12-30"]
[Round "3.18"]
[White "Kowalczyk, Jakub"]
[Black "Rosa, Antoni"]
[Result "0-1"]
[WhiteTitle "II"]
[BlackTitle "II"]
[WhiteElo "1070"]
[BlackElo "1203"]

1. e4 e6 2. d4 d5 3. Nd2 c5 4. c3 Nc6 5. Ngf3 Nf6 6. Bd3 cxd4 7. Nxd4 Nxd4 8. cxd4
dxe4 9. Nxe4 Bb4+ 10. Nc3 O-O 11. O-O Kh8 12. Bc2 b6 13. a3 Bxc3 14. bxc3 Qc7
15. Bd2 Bb7 16. f3 Nd5 17. Qe1 Nxc3 18. Bxc3 Rfc8 19. Be4 Bxe4 20. Qxe4 Qxc3 21.
Qf4 Kg8 22. Rfc1 Qb2 23. Rcb1 Qe2 24. Re1 Qa6 25. Qd2 Qb7 26. Rac1 Rxc1 27. Rxc1
Rc8 28. h3 Rxc1+ 29. Qxc1 g6 30. Kf2 Qd5 31. Qc3 Kg7 32. Kg3 Qd6+ 33. Kf2 f6 34.
Kg1 e5 35. dxe5 Qxe5 36. Qd3 Qc7 37. Kf2 Qb7 38. Ke3 b5 39. Qb3 a5 40. a4 Qe7+
41. Kf2 Qc5+ 42. Kg3 Qe5+ 43. Kf2 Qd4+ 44. Qe3 Qxe3+ 45. Kxe3 bxa4 46. Kd3 Kf7
47. Kc3 Ke6 48. g3 Kd5 49. Kb2 Kd4 50. h4 Ke3 51. f4 Kf3 52. g4 Kxg4 53. h5 gxh5
54. f5 h4 55. Ka3 h3 56. Kxa4 h2 57. Kxa5 h1=Q 0-1

[Event "Indywidualne Mistrzostwa Polski Mlodzikow do lat 10 - Chlopcy"]
[Site "Szklarska Poreba"]
[Date "1899-12-30"]
[Round "3.19"]
[White "Dobrowolski, Kamil"]
[Black "Grobelny, Mikolaj"]
[Result "1/2-1/2"]
[WhiteTitle "III"]
[BlackTitle "II+"]
[WhiteElo "1006"]
[BlackElo "1177"]

1. e4 e6 2. d4 d5 3. Nd2 dxe4 4. Nxe4 Bd7 5. Nf3 Bc6 6. Bd3 Nd7 7. Bg5 Be7 8. Bf4
Ngf6 9. Ng3 Bd6 10. Be3 h6 11. O-O Rg8 12. c4 b6 13. Re1 Qb8 14. d5 exd5 15. cxd5
Bxd5 16. Bxh6+ Kd8 17. Bg5 Bxg3 18. hxg3 a5 19. Bf5 Qb7 20. Qd2 Re8 21. Rad1 c6
22. Qf4 Qb8 23. Qh4 Qd6 24. Rxe8+ Kxe8 25. Qh8+ Qf8 26. Re1+ Kd8 27. Qh3 Ra7 28.
Be4 Kc7 29. Bxd5 Nxd5 30. g4 Qd6 31. Qh8 Qf8 32. Qh4 f6 33. Be3 Ra8 34. Qh7 Qf7
35. Qc2 Nb4 36. Qe4 Nxa2 37. Nd4 Nb4 38. Rc1 Qd5 39. Qxd5 Nxd5 40. Rxc6+ Kd8 41.
Ne6+ Ke7 42. Nxg7 Kf7 43. Nf5 Ne5 44. Rc1 Nxg4 45. Bd4 b5 46. Rc5 Nf4 47. Rxb5
Rc8 48. Nd6+ Ke6 49. Nxc8 Ne2+ 50. Kf1 Nxd4 51. Rxa5 Ne5 52. b4 Nec6 53. Ra4 Nb5
54. Ra2 Kd7 55. Nb6+ Kd6 56. Na4 Kd5 57. Ke2 Nxb4 58. Rb2 Nd4+ 59. Ke3 Nbc2+ 60.
Kf4 Ke6 61. Rb6+ Kf7 62. Nc3 Ne6+ 63. Kg4 Ncd4 64. f4 f5+ 65. Kg3 Ng7 66. Kh4
Nge6 67. Nd5 Ne2 68. Rb4 Kg6 69. Rb6 Kf7 70. Rb5 N2d4 71. Rb7+ Kg6 72. Ne7+ Kf6
73. Nd5+ Kg6 1/2-1/2

[Event "Indywidualne Mistrzostwa Polski Mlodzikow do lat 10 - Chlopcy"]
[Site "Szklarska Poreba"]
[Date "1899-12-30"]
[Round "3.20"]
[White "Bieronski, Nikodem"]
[Black "Kawa, Bartlomiej"]
[Result "0-1"]
[WhiteTitle "II"]
[BlackTitle "II"]
[WhiteElo "1168"]
[BlackElo "1060"]

1. e4 e5 2. Nf3 Nc6 3. Bc4 Bc5 4. c3 Nf6 5. d4 exd4 6. cxd4 Bb4+ 7. Nc3 d5 8. exd5
Nxd5 9. Bd2 Nxc3 10. bxc3 Bd6 11. O-O O-O 12. Re1 Bg4 13. h3 Bh5 14. Bd5 Na5 15.
c4 c6 16. Qa4 cxd5 17. Bxa5 b6 18. Bc3 Bxf3 19. gxf3 Qc7 20. Rac1 Qxc4 21. Qxc4
dxc4 22. Bd2 b5 23. a4 a6 24. axb5 axb5 25. Rb1 Rab8 26. Rb2 b4 27. Rc2 c3 28.
Be3 b3 29. Rxc3 Bb4 30. Bd2 Bxc3 31. Bxc3 Rfc8 32. Bb2 Rc2 33. Rb1 Ra8 34. Ba1
f6 35. Bb2 Ra2 36. Ba1 Rxa1 37. Rxa1 b2 38. Ra8+ Kf7 39. Ra7+ Kg6 40. Rb7 Rc1+
41. Kg2 b1=Q 42. Ra7 Rg1+ 43. Kh2 Qf1 44. Rxg7+ Kxg7 45. d5 Qxf2# 0-1

[Event "Indywidualne Mistrzostwa Polski Mlodzikow do lat 10 - Chlopcy"]
[Site "Szklarska Poreba"]
[Date "1899-12-30"]
[Round "3.24"]
[White "Micula, Jakub"]
[Black "Kudraszow, Filip"]
[Result "1-0"]
[WhiteTitle "II+"]
[BlackTitle "II"]
[WhiteElo "1357"]
[BlackElo "1075"]

1. e4 c5 2. Nf3 Nc6 3. d4 cxd4 4. Nxd4 g6 5. c4 Bg7 6. Be3 Nf6 7. Nc3 Ng4 8. Qxg4
Nxd4 9. Qd1 e5 10. Bd3 d6 11. O-O Be6 12. Qd2 O-O 13. Rfd1 Rc8 14. b3 Re8 15.
Rac1 a6 16. Bf1 Qh4 17. f3 Qe7 18. Ne2 Nxe2+ 19. Bxe2 Red8 20. Qe1 Bf8 21. Qf2
Bg7 22. Bf1 Kh8 23. f4 Kg8 24. f5 Bd7 25. c5 dxc5 26. Bxc5 Qf6 27. Rd6 Qg5 28.
Be3 Qe7 29. Rcd1 Bf8 30. Bb6 Qxd6 31. Rxd6 Bxd6 32. fxg6 fxg6 33. Bc4+ Kg7 34.
Qf7+ Kh6 35. Be3+ Kh5 36. Qxh7+ Kg4 37. Be2# 1-0

[Event "Indywidualne Mistrzostwa Polski Mlodzikow do lat 10 - Chlopcy"]
[Site "Szklarska Poreba"]
[Date "1899-12-30"]
[Round "3.26"]
[White "Chmielewski, Jakub"]
[Black "Zmarzly, Wiktor"]
[Result "0-1"]
[WhiteTitle "II"]
[BlackTitle "II"]
[WhiteElo "1098"]
[BlackElo "1226"]

1. d4 d5 2. Nf3 Nf6 3. Bf4 c5 4. c3 Qb6 5. Qb3 c4 6. Qxb6 axb6 7. Na3 Nc6 8. Nb5
Ra5 9. a4 Bf5 10. Ne5 Nxe5 11. dxe5 Nd7 12. Kd2 Nc5 13. Nd4 Bd7 14. g3 Ne4+ 15.
Ke1 e6 16. f3 Nc5 17. Bg2 Nxa4 18. Bc1 Nc5 19. Rxa5 bxa5 20. Kf2 Be7 21. Bd2 O-O
22. Ra1 a4 23. Nc2 Nb3 24. Rd1 Bc5+ 25. Be3 f6 26. Bxc5 Nxc5 27. exf6 gxf6 28.
f4 Bc6 29. Nb4 Ra8 30. Ra1 Nb3 31. Ra2 Ra5 32. Bh3 Kf7 33. f5 e5 34. Bf1 d4 35.
cxd4 exd4 36. Ke1 Be4 37. Kd1 Rxf5 38. Bh3 Rh5 39. Bf1 Rxh2 40. Rxa4 Rh1 41. Ke1
Bg2 42. Kf2 Bxf1 0-1

[Event "Indywidualne Mistrzostwa Polski Mlodzikow do lat 10 - Chlopcy"]
[Site "Szklarska Poreba"]
[Date "1899-12-30"]
[Round "3.28"]
[White "Wolski, Ernest"]
[Black "Stachowiak, Bruno"]
[Result "1-0"]
[WhiteTitle "II"]
[BlackTitle "II"]
[WhiteElo "1004"]
[BlackElo "1105"]

1. e4 e5 2. f4 exf4 3. Nf3 Nc6 4. Bb5 a6 5. Bxc6 dxc6 6. O-O Nf6 7. e5 Nd5 8. d4
Be6 9. b3 g6 10. c4 Nb6 11. Bxf4 Bg4 12. Nc3 Bg7 13. Qd2 Be6 14. Rfe1 a5 15. Ne4
a4 16. Bg5 Qc8 17. Qb4 Qd7 18. Bf6 Bf8 19. Qc3 Rg8 20. Bg5 Be7 21. Bxe7 Qxe7 22.
Nf6+ Kf8 23. Nxg8 Kxg8 24. Nd2 Rd8 25. Ne4 a3 26. Nf6+ Kg7 27. Rad1 Nd7 28. Nxd7
Rxd7 29. Rf1 Bf5 30. Kh1 Qg5 31. Qg3 Qe7 32. Rxf5 Qc5 33. Rf4 Kh8 34. Qf3 Qe7
35. Re4 Qd8 36. Qf6+ Qxf6 37. exf6 Rd8 38. Rde1 h5 39. Re8+ Rxe8 40. Rxe8+ Kh7
41. Rc8 b5 42. cxb5 h4 43. Rxc7 h3 44. Rxf7+ Kh6 45. b6 hxg2+ 46. Kxg2 c5 47.
b7 Kg5 48. b8=Q cxd4 49. Kg3 d3 50. Qf4+ Kh5 51. Qh4# 1-0

[Event "Indywidualne Mistrzostwa Polski Mlodzikow do lat 10 - Chlopcy"]
[Site "Szklarska Poreba"]
[Date "1899-12-30"]
[Round "3.31"]
[White "Jasiulewicz, Kamil"]
[Black "Karwot, Marek"]
[Result "1-0"]
[WhiteTitle "II"]
[BlackTitle "III"]
[WhiteElo "1075"]
[BlackElo "1006"]

1. d4 Nf6 2. c4 c5 3. d5 e5 4. dxe6 fxe6 5. Nc3 b6 6. Nf3 Bb7 7. e3 Be7 8. Be2
O-O 9. O-O d5 10. b3 Nc6 11. Bb2 Qd7 12. cxd5 exd5 13. Qd2 Rfd8 14. Bb5 a6 15.
Ne5 Qc7 16. Nxc6 Bxc6 17. Bxc6 Qxc6 18. Qc2 Rac8 19. Rac1 d4 20. Nb1 dxe3 21.
fxe3 Ng4 22. Qc4+ Rd5 23. Qxg4 Rg5 24. Qf3 Qg6 25. Nd2 Rf8 26. Qe2 Rd8 27. Nf3
Rh5 28. Ne5 Qd6 29. Qxh5 g6 30. Qe2 Qc7 31. Qc4+ Kh8 32. Nf7+ Kg8 33. Ne5+ Kg7
34. Qf7+ Kh8 1-0

[Event "Indywidualne Mistrzostwa Polski Mlodzikow do lat 10 - Chlopcy"]
[Site "Szklarska Poreba"]
[Date "1899-12-30"]
[Round "4.1"]
[White "Sowinski, Pawel"]
[Black "Warchol, Kamil"]
[Result "1-0"]
[WhiteTitle "I"]
[BlackTitle "CM"]
[WhiteElo "1427"]
[BlackElo "1622"]

1. e4 c5 2. Nf3 d6 3. Bb5+ Bd7 4. c4 e5 5. d3 Ne7 6. Bg5 Bxb5 7. cxb5 Nd7 8. Nc3
h6 9. Bh4 Qa5 10. Nd2 Qc7 11. Nc4 g5 12. b6 Qc6 13. Nb5 Nc8 14. Nc7+ Kd8 15. Nxa8
axb6 16. Bg3 b5 17. Ne3 Qa6 18. Qb3 Rh7 19. h4 g4 20. O-O Qxa8 21. f4 Qa4 22.
Kh2 Qxb3 23. axb3 h5 24. fxe5 dxe5 25. Nd5 Bd6 26. Ra8 f6 27. Rf5 Rh6 28. Be1
b6 29. Bd2 Rh7 30. Nxf6 Nxf6 31. Rxf6 Kc7 32. Rxc8+ Kxc8 33. Rxd6 Kc7 34. Rd5
Re7 35. Bc3 Kc6 36. Bxe5 Re6 37. Bf4 c4 38. bxc4 bxc4 39. dxc4 Rxe4 40. Bd2 Rxc4
41. Rxh5 b5 42. b4 Rd4 43. Rc5+ Kb6 44. Be3 Rxb4 45. Rc4+ Ka5 46. Bb6+ Ka4 47.
Rxb4+ Kxb4 48. h5 Kc4 49. Ba5 b4 50. Bxb4 Kxb4 51. h6 Kc4 52. h7 Kd4 53. h8=Q+
Kd5 54. Qe8 Kd6 55. Kg3 Kd5 56. Kxg4 Kd6 57. Kf5 Kd5 58. g4 Kd4 59. g5 Kd5 60.
Qd7+ Kc5 61. g6 Kc4 62. g7 Kc5 63. g8=Q Kb4 64. Qgc8 Kb3 65. Qdb7+ Ka3 66. Qca8#
1-0

[Event "Indywidualne Mistrzostwa Polski Mlodzikow do lat 10 - Chlopcy"]
[Site "Szklarska Poreba"]
[Date "1899-12-30"]
[Round "4.2"]
[White "Wielgus, Wojciech"]
[Black "Liskiewicz, Jakub"]
[Result "0-1"]
[WhiteTitle "I"]
[BlackTitle "I"]
[WhiteElo "1572"]
[BlackElo "1260"]

1. e4 c5 2. Nf3 Nc6 3. Bb5 g6 4. Bxc6 bxc6 5. O-O Bg7 6. Re1 Nf6 7. e5 Nd5 8. c4
Nb6 9. d4 cxd4 10. Qxd4 O-O 11. Qh4 Re8 12. Bh6 Bh8 13. Nc3 Rb8 14. Qf4 Ba6 15.
e6 fxe6 16. Ne5 Bf6 17. b3 Qc7 18. Re3 Qd8 19. g4 Qc7 20. Rae1 d6 21. Nf3 e5 22.
Qg3 Bc8 23. c5 Nd7 24. cxd6 exd6 25. Rc1 Nb6 26. g5 Bh8 27. Nd2 d5 28. Rf3 Qd7
29. Qh4 e4 30. Rf4 Be5 31. Qg3 Qd6 32. Ndxe4 dxe4 33. Nxe4 Qa3 34. Rf8+ Rxf8 35.
Qxe5 Qxc1+ 36. Kg2 Bh3+ 37. Kxh3 Rb7 38. Bxf8 Qf1+ 39. Kh4 Kxf8 40. Qh8+ Kf7 41.
Qxh7+ Ke6 42. Qxb7 Kd5 43. Nf6+ Kc5 44. Qe7+ Kb5 45. a4+ Ka6 46. Qe3 Qg2 47. Qg3
Qh1 48. h3 Qd1 49. Ne4 Qh5# 0-1

[Event "Indywidualne Mistrzostwa Polski Mlodzikow do lat 10 - Chlopcy"]
[Site "Szklarska Poreba"]
[Date "1899-12-30"]
[Round "4.3"]
[White "Jasiulewicz, Dawid"]
[Black "Bartodziej, Bartosz"]
[Result "1/2-1/2"]
[WhiteTitle "II"]
[BlackTitle "II+"]
[WhiteElo "1253"]
[BlackElo "1539"]

1. d4 Nf6 2. c4 g6 3. Nc3 d5 4. Bg5 Ne4 5. Bh4 Nxc3 6. bxc3 Bg7 7. Nf3 O-O 8. cxd5
Qxd5 9. Bxe7 Re8 10. Bh4 Bg4 11. e3 c5 12. Be2 Qe4 13. Bg3 Nc6 14. Bd3 Bxf3 15.
Bxe4 Bxd1 16. Bxc6 bxc6 17. Rxd1 cxd4 18. cxd4 Rad8 19. O-O Rd5 20. Rc1 Re6 21.
Rc2 Ra5 22. Rb1 Bf6 23. h3 Kg7 24. Rb3 h5 25. Rbc3 Ra6 26. Bc7 Be7 27. Rd3 Bd6
28. d5 cxd5 29. Rxd5 Bxc7 30. Rxc7 Rxa2 31. Rdd7 Rf6 32. f3 a6 33. Ra7 g5 34.
Rd5 Kg6 35. Ra8 g4 36. hxg4 hxg4 37. Rg8+ Kh6 38. Rxg4 Rg6 39. Rxg6+ Kxg6 40.
Kh2 Ra1 41. Kg3 a5 42. Kf4 a4 43. g4 a3 44. Rd6+ Kg7 45. Ra6 a2 46. Ke4 Kf8 47.
Ra5 Kg7 48. g5 Kg6 49. f4 Kg7 50. Ra3 Kg6 51. Ke5 Re1 52. Rxa2 Rxe3+ 53. Kd4 Rb3
54. Ra6+ Kg7 55. Ke4 Rb4+ 56. Kf5 Rb5+ 57. Kg4 Rb4 58. Rf6 Rb1 59. Rd6 Rb4 60.
Rh6 1/2-1/2

[Event "Indywidualne Mistrzostwa Polski Mlodzikow do lat 10 - Chlopcy"]
[Site "Szklarska Poreba"]
[Date "1899-12-30"]
[Round "4.4"]
[White "Glaz, Michal"]
[Black "Mulawa, Cyprian"]
[Result "0-1"]
[WhiteTitle "II"]
[BlackTitle "II"]
[WhiteElo "1174"]
[BlackElo "1449"]

1. e4 c5 2. Nf3 Nc6 3. Bb5 g6 4. Bxc6 dxc6 5. O-O Bg7 6. Re1 Nf6 7. e5 Nd5 8. d3
O-O 9. c4 Nb4 10. Re3 Bf5 11. Ne1 Bh6 12. Rg3 Bg7 13. Bf4 Qd4 14. a3 Qxf4 15.
axb4 Qxe5 16. Ra2 cxb4 17. Re3 Qc7 18. b3 Rfd8 19. Nc2 Bh6 20. Re1 Rxd3 21. Qe2
Rd7 22. Nxb4 Qd6 23. Nc2 Qd3 24. Qxd3 Bxd3 25. Rd1 Rad8 26. Ne3 Bxe3 27. fxe3
Bxb1 28. Rxb1 Rd1+ 29. Rxd1 Rxd1+ 30. Kf2 a6 31. Rb2 Kg7 32. Ke2 Rd6 33. c5 Rd7
34. b4 f5 35. Kf3 e5 36. e4 Rd4 37. exf5 gxf5 38. h3 h5 39. Kf2 Kf6 40. Kf3 Kg5
41. Kg3 Rd3+ 42. Kf2 Kf4 43. Ke2 e4 44. Kf2 h4 45. Ke2 Kg3 46. Ke1 f4 47. Re2
f3 48. Rxe4 fxg2 49. Ke2 Ra3 50. Re7 Ra2+ 51. Kd3 g1=Q 52. Rg7+ Kh2 53. Rxg1 Kxg1
54. Kd4 a5 55. bxa5 Rxa5 0-1